<?xml version="1.0" encoding="UTF-8"?>
<record
    xmlns:xsi="http://www.w3.org/2001/XMLSchema-instance"
    xsi:schemaLocation="http://www.loc.gov/MARC21/slim http://www.loc.gov/standards/marcxml/schema/MARC21slim.xsd"
    xmlns="http://www.loc.gov/MARC21/slim">

  <leader>00607nam a22002177a 4500</leader>
  <controlfield tag="005">20241206102554.0</controlfield>
  <controlfield tag="008">241206b           ||||| |||| 00| 0 eng d</controlfield>
  <datafield tag="020" ind1=" " ind2=" ">
    <subfield code="a">9788194625780</subfield>
  </datafield>
  <datafield tag="040" ind1=" " ind2=" ">
    <subfield code="c">AL</subfield>
  </datafield>
  <datafield tag="041" ind1=" " ind2=" ">
    <subfield code="a">English</subfield>
  </datafield>
  <datafield tag="082" ind1=" " ind2=" ">
    <subfield code="2">23</subfield>
    <subfield code="a">340.1</subfield>
    <subfield code="b">POUI</subfield>
  </datafield>
  <datafield tag="100" ind1=" " ind2=" ">
    <subfield code="a">Roscoe Pound</subfield>
    <subfield code="9">188152</subfield>
  </datafield>
  <datafield tag="245" ind1=" " ind2=" ">
    <subfield code="a">Introduction to the Philosophy of Law</subfield>
  </datafield>
  <datafield tag="260" ind1=" " ind2=" ">
    <subfield code="a">Bangalore</subfield>
    <subfield code="b">MPP House</subfield>
    <subfield code="c">2023</subfield>
  </datafield>
  <datafield tag="300" ind1=" " ind2=" ">
    <subfield code="a">307 p.</subfield>
    <subfield code="b">PB</subfield>
    <subfield code="c">22x14 cm.</subfield>
  </datafield>
  <datafield tag="365" ind1=" " ind2=" ">
    <subfield code="a">1060</subfield>
    <subfield code="b">&#x20B9;437.27</subfield>
    <subfield code="c">&#x20B9;</subfield>
    <subfield code="d">&#x20B9;599.00</subfield>
    <subfield code="e">27%</subfield>
    <subfield code="f">28-11-2024</subfield>
  </datafield>
  <datafield tag="650" ind1=" " ind2=" ">
    <subfield code="a">Philosophy</subfield>
    <subfield code="9">188153</subfield>
  </datafield>
  <datafield tag="650" ind1=" " ind2=" ">
    <subfield code="a">Law</subfield>
    <subfield code="9">188154</subfield>
  </datafield>
  <datafield tag="700" ind1=" " ind2=" ">
    <subfield code="a">POUND (Roscoe)</subfield>
    <subfield code="9">188155</subfield>
  </datafield>
  <datafield tag="942" ind1=" " ind2=" ">
    <subfield code="2">ddc</subfield>
    <subfield code="c">BK</subfield>
  </datafield>
  <datafield tag="999" ind1=" " ind2=" ">
    <subfield code="c">232170</subfield>
    <subfield code="d">232170</subfield>
  </datafield>
  <datafield tag="952" ind1=" " ind2=" ">
    <subfield code="0">0</subfield>
    <subfield code="1">0</subfield>
    <subfield code="2">ddc</subfield>
    <subfield code="4">0</subfield>
    <subfield code="7">0</subfield>
    <subfield code="8">Law</subfield>
    <subfield code="a">LL</subfield>
    <subfield code="b">LL</subfield>
    <subfield code="d">2024-12-05</subfield>
    <subfield code="e">MPP House,Bengaluru</subfield>
    <subfield code="g">437.27</subfield>
    <subfield code="l">0</subfield>
    <subfield code="o">340.1 POUI</subfield>
    <subfield code="p">LL000550</subfield>
    <subfield code="r">2024-12-06 00:00:00</subfield>
    <subfield code="v">599.00</subfield>
    <subfield code="w">2024-12-06</subfield>
    <subfield code="y">BK</subfield>
  </datafield>
  <datafield tag="952" ind1=" " ind2=" ">
    <subfield code="0">0</subfield>
    <subfield code="1">0</subfield>
    <subfield code="2">ddc</subfield>
    <subfield code="4">0</subfield>
    <subfield code="7">0</subfield>
    <subfield code="8">Law</subfield>
    <subfield code="a">LL</subfield>
    <subfield code="b">LL</subfield>
    <subfield code="d">2024-12-05</subfield>
    <subfield code="e">MPP House,Bengaluru</subfield>
    <subfield code="g">437.27</subfield>
    <subfield code="l">0</subfield>
    <subfield code="o">340.1 POUI</subfield>
    <subfield code="p">LL000551</subfield>
    <subfield code="r">2024-12-06 00:00:00</subfield>
    <subfield code="v">599.00</subfield>
    <subfield code="w">2024-12-06</subfield>
    <subfield code="y">BK</subfield>
  </datafield>
  <datafield tag="952" ind1=" " ind2=" ">
    <subfield code="0">0</subfield>
    <subfield code="1">0</subfield>
    <subfield code="2">ddc</subfield>
    <subfield code="4">0</subfield>
    <subfield code="7">0</subfield>
    <subfield code="8">Law</subfield>
    <subfield code="a">LL</subfield>
    <subfield code="b">LL</subfield>
    <subfield code="d">2024-12-05</subfield>
    <subfield code="e">MPP House,Bengaluru</subfield>
    <subfield code="g">437.27</subfield>
    <subfield code="l">0</subfield>
    <subfield code="o">340.1 POUI</subfield>
    <subfield code="p">LL000552</subfield>
    <subfield code="r">2024-12-06 00:00:00</subfield>
    <subfield code="v">599.00</subfield>
    <subfield code="w">2024-12-06</subfield>
    <subfield code="y">BK</subfield>
  </datafield>
  <datafield tag="952" ind1=" " ind2=" ">
    <subfield code="0">0</subfield>
    <subfield code="1">0</subfield>
    <subfield code="2">ddc</subfield>
    <subfield code="4">0</subfield>
    <subfield code="7">0</subfield>
    <subfield code="8">Law</subfield>
    <subfield code="a">LL</subfield>
    <subfield code="b">LL</subfield>
    <subfield code="d">2024-12-05</subfield>
    <subfield code="e">MPP House,Bengaluru</subfield>
    <subfield code="g">437.27</subfield>
    <subfield code="l">0</subfield>
    <subfield code="o">340.1 POUI</subfield>
    <subfield code="p">LL000553</subfield>
    <subfield code="r">2024-12-06 00:00:00</subfield>
    <subfield code="v">599.00</subfield>
    <subfield code="w">2024-12-06</subfield>
    <subfield code="y">BK</subfield>
  </datafield>
  <datafield tag="952" ind1=" " ind2=" ">
    <subfield code="0">0</subfield>
    <subfield code="1">0</subfield>
    <subfield code="2">ddc</subfield>
    <subfield code="4">0</subfield>
    <subfield code="7">0</subfield>
    <subfield code="8">Law</subfield>
    <subfield code="a">LL</subfield>
    <subfield code="b">LL</subfield>
    <subfield code="d">2024-12-05</subfield>
    <subfield code="e">MPP House,Bengaluru</subfield>
    <subfield code="g">437.27</subfield>
    <subfield code="l">0</subfield>
    <subfield code="o">340.1 POUI</subfield>
    <subfield code="p">LL000554</subfield>
    <subfield code="r">2024-12-06 00:00:00</subfield>
    <subfield code="v">599.00</subfield>
    <subfield code="w">2024-12-06</subfield>
    <subfield code="y">BK</subfield>
  </datafield>
</record>
